00469 2200193 4500001002100000005001500021008004100036020001800077035001900095041000700114082001000121090001600131100001900147245002700166260002900193300003000222500000600252650001700258INLIS00000000000612220241224113230241224||||||||| | ||| |||| || |  a979-752-249-0 0010-1224006122 aid0 a741.5 a741.5 BEN p0 aBenny Rhamdani00aPrita dan Pohon Kenari aBandungbDAR Mizanc2005 a48 hlm ,: ilus .; 19,5 cm a1 0aDongeng Anak